000 00293nam a22001337a 4500
003 SGT
020 _a9789390113231
082 _a747
_bULR
100 _aULRICH KARL T.
245 _aPRUDUCT DESIGN AND DEVELOPMENT
260 _aINDIA
_bMC GRAWHILL
_c2025
300 _a444
942 _2ddc
_cBK
999 _c34509
_d34509